आईना (Record no. 378997)

MARC details
000 -LEADER
fixed length control field 00880nam a2200253Ia 4500
003 - CONTROL NUMBER IDENTIFIER
control field OSt
005 - DATE AND TIME OF LATEST TRANSACTION
control field 20220923225539.0
008 - FIXED-LENGTH DATA ELEMENTS--GENERAL INFORMATION
fixed length control field 220922b |||||||| |||| 00| 0 mal d
037 ## - SOURCE OF ACQUISITION
Terms of availability Textual
040 ## - CATALOGING SOURCE
Original cataloging agency ARTS
Transcribing agency ARTS
Language of cataloging mal
041 ## - LANGUAGE CODE
Source of code mal
Language code of text/sound track or separate title mal
100 ## - MAIN ENTRY--PERSONAL NAME
Personal name पी केशवदेव; नंपूतिरि, बी. ए. केशव, अनु.
9 (RLIN) 168698
245 #0 - TITLE STATEMENT
Title आईना
246 ## - VARYING FORM OF TITLE
Title proper/short title Āīnā
260 ## - PUBLICATION, DISTRIBUTION, ETC.
Place of publication, distribution, etc. नयी दिल्ली
Name of publisher, distributor, etc. नेशनल बुक
Date of publication, distribution, etc. 1973
300 ## - PHYSICAL DESCRIPTION
Extent 135पृ0
Dimensions cm.
650 ## - SUBJECT ADDED ENTRY--TOPICAL TERM
Topical term or geographic name entry element मलयालम साहित्य
9 (RLIN) 156264
942 ## - ADDED ENTRY ELEMENTS (KOHA)
Classification part O32,3N04,AE, 152L3
Koha item type Textual
Source of classification or shelving scheme Colon Classification (CC)
Holdings
Withdrawn status Lost status Damaged status Not for loan Home library Current library Date acquired Total Checkouts Full call number Barcode Date last seen Price effective from Koha item type Public note
        Arts Library Arts Library 2022-09-23   O32,3N04,AE 152L3 AL1070014 2022-09-23 2022-09-23 Textual Translated from Malayalam to Hindi.
Copyright @ Delhi University Library System